000 00820cam a2200265 4500500
005 20260329005356.0
041 _afre
042 _adc
100 1 0 _ade Oliveira, Victorine
_eauthor
245 0 0 _aThierry Paquot : “Bachelard invite à aller au-delà de la forme pour saisir la substance matérielle”
260 _c2023.
500 _a73
690 _aBachelard
690 _aClimat
690 _aEau
690 _aForce imaginante
690 _aImaginaire
690 _aImagination
690 _aIvan Illich
690 _aParlement des choses
690 _aPoésie
690 _aThierry Paquot
786 0 _nPhilosophie magazine | 170 | 6 | 2023-06-01 | p. 44-44 | 1951-1787
856 4 1 _uhttps://shs.cairn.info/magazine-philosophie-magazine-2023-6-page-44?lang=fr&redirect-ssocas=7080
999 _c1842790
_d1842790